000 00337nam a22001457a 4500
008 210521b ||||| |||| 00| 0 eng d
020 _a0072892013
041 _aeng
080 _22nd
_a621
082 _a621
100 _a26
101 _aMEK
245 _aFundamentals of Graphics Communication
_cGary R. Bertoline
942 _2udc
_cBK
999 _c57595
_d57595